000 01025nam a2200277Ia 4500
001 Para_10115
003 CHAP
008 220125sSept xx 000 0 und d
010 _a208807
040 _cCHAP
090 _aPA CD - TESIS 194
100 _aPadilla Albor, Jesús Eric
_984635
245 _aComportamiento de 30 variedades de avena (Avena sativa L.) a Helminthosporium victoriae (Meehan & murphy) en Chapingo, Edo. de México /
_c Jesús Eric Padilla Albor; Director Santos Gerardo Leyva Mir
260 _aChapingo, Méx. :
_b el autor
300 _a1 CDS ROM (42 p.)
502 _aTesis (Ing. Agr. Esp. en Parasitología Agrícola). UACh. Departamento Parasitología Agrícola
700 _aLeyva Mir, Santos Gerardo. Director
_9171335
710 _aUACh. Departamento Parasitología Agrícola
_9164025
901 _aPA CD - TESIS 194
902 _aM
905 _a513220Septiembre,2012 an 8100000000 06
910 _aSept
942 _cPARA
942 _cPARA
_d2
999 _c208807
_d208807